Royal charter and bye-laws 1973 (amended 1975, 1977, 1978, 1980, 1981, 1985, 1986, 1988, 1990, 1993, 1995, 1998, 1999, 2000, 2002, 2003 and 2006) (Record no. 105258)
[ view plain ]
| 000 -LEADER | |
|---|---|
| fixed length control field | 01608cam a2200265 4500 |
| 001 - CONTROL NUMBER | |
| control field | ##L132842 |
| 008 - FIXED-LENGTH DATA ELEMENTS--GENERAL INFORMATION | |
| fixed length control field | 000000n2006 000 0 eng u |
| 020 ## - INTERNATIONAL STANDARD BOOK NUMBER | |
| International Standard Book Number | 9781842192922 |
| 035 ## - SYSTEM CONTROL NUMBER | |
| System control number | (Sirsi) u132842 |
| 041 0# - LANGUAGE CODE | |
| Language code of text/sound track or separate title | eng |
| 050 04 - LIBRARY OF CONGRESS CALL NUMBER | |
| Classification number | 333.0062 |
| -- | 18 |
| 110 2# - MAIN ENTRY--CORPORATE NAME | |
| Corporate name or jurisdiction name as entry element | Royal Institution of Chartered Surveyors |
| Subordinate unit | Governance and Corporate Management |
| 9 (RLIN) | 4171 |
| 245 00 - TITLE STATEMENT | |
| Title | Royal charter and bye-laws 1973 (amended 1975, 1977, 1978, 1980, 1981, 1985, 1986, 1988, 1990, 1993, 1995, 1998, 1999, 2000, 2002, 2003 and 2006) |
| 250 ## - EDITION STATEMENT | |
| Edition statement | Rev. ed. |
| 260 ## - PUBLICATION, DISTRIBUTION, ETC. | |
| Place of publication, distribution, etc. | London |
| Name of publisher, distributor, etc. | RICS |
| Date of publication, distribution, etc. | 2006 |
| 505 2# - FORMATTED CONTENTS NOTE | |
| Formatted contents note | Supplemental charter 1973 -- Orders in Council -- Bye-laws: Section I, Definitions -- Section II, Members and attached classes -- Section III, Designations -- Section IV, Contributions to the funds -- Section V, Conduct -- Section VI, The members of Governing Council, officers and staff -- Section VII, Strategy and Resources Board, Audit Committee, junior organisation groups and other subordinate bodies -- Section VIII, Professional sections and associated matters -- Section IX, Constituencies -- Section X, Procedural matters -- Section XI, Accounts and professional auditors -- Section XII, General |
| 520 ## - SUMMARY, ETC. | |
| Summary, etc. | Supersedes 2003 edition (ISBN 1842191608). Incorporates all amendments up to and including those allowed by the Privy Council on 5 January 2006. |
| 590 ## - LOCAL NOTE (RLIN) | |
| Local note | IKA230506 |
| 650 24 - SUBJECT ADDED ENTRY--TOPICAL TERM | |
| Topical term or geographic name entry element | RICS ROYAL CHARTER |
| 650 24 - SUBJECT ADDED ENTRY--TOPICAL TERM | |
| Topical term or geographic name entry element | RICS BYE-LAWS |
| 690 ## - LOCAL SUBJECT ADDED ENTRY--TOPICAL TERM (OCLC, RLIN) | |
| Topical term or geographic name as entry element | RICS NEWS |
| 710 2# - ADDED ENTRY--CORPORATE NAME | |
| Corporate name or jurisdiction name as entry element | Royal Institution of Chartered Surveyors |
| 9 (RLIN) | 4900 |
| 856 40 - ELECTRONIC LOCATION AND ACCESS | |
| Public note | This item is missing. Note added 25 Jan 2011 |
| 942 ## - ADDED ENTRY ELEMENTS (KOHA) | |
| Suppress in OPAC | 0 |
| Withdrawn status | Lost status | Source of classification or shelving scheme | Damaged status | Not for loan | Home library | Current library | Shelving location | Date acquired | Total Checkouts | Full call number | Barcode | Date last seen | Copy number | Price effective from | Koha item type |
|---|---|---|---|---|---|---|---|---|---|---|---|---|---|---|---|
| Dewey Decimal Classification | Virtual | Virtual | Online | 24/05/2006 | ONLINE PUBLICATION | 132842-2001 | 06/08/2019 | 1 | 06/08/2019 | Book |